| 000 | 00787nam a22002177a 4500 | ||
|---|---|---|---|
| 003 | UA-OsUOA | ||
| 001 | 112859 | ||
| 007 | ta | ||
| 008 | 20150804b un ||||| |||| 00| 0 ukr d | ||
| 100 | _aБілорус О.Г. | ||
| 090 |
_a330(477) _bБ67 |
||
| 942 | _cSA | ||
| 040 |
_aUA-OsUOA _bukr _cUA-OsUOA _dUA-OsUOA |
||
| 245 | _aПолітекономія світ-системи фінансово-економічного глобалізму: нові тенденції та закономірності розвитку глобального фінансового сектору | ||
| 300 | _aС.7-16 | ||
| 955 | _a0 | ||
| 041 | _aukr | ||
| 080 | _a330(477) | ||
| 773 | 0 |
_w112858 _tФінанси України _dК. _d2015 _g5 |
|
| 650 | 7 |
_a330 Економіка взагалі _2UDC |
|
| 999 |
_c399281 _d399281 |
||